| 000 | 00987nam0a22002891 4500 | ||
|---|---|---|---|
| 001 | rc\4748895 | ||
| 005 | 20250613072437.0 | ||
| 010 |
_bВ пер. _d4 р. 45 к. _930000 |
||
| 021 |
_aRU _b[57-64292] |
||
| 035 | _a(NLR Aleph) 009009234 | ||
| 090 |
_a9356725 _c9356725 |
||
| 100 | _a20130417d1957 |||y0rusy50 ca | ||
| 101 | 0 | _arus | |
| 102 | _aRU | ||
| 105 | _ay z |||a| | ||
| 200 | 1 |
_aСветлая Волга _eроман _fКлара Клосс |
|
| 210 |
_aМосква _cСоветский писатель _d1957 |
||
| 215 |
_a235 с. _d20 |
||
| 606 |
_aГидроэлектрические станции _yВолжско-Камский бассейн _91297078 _3RU\NLR\AUTH\66219298 |
||
| 686 | 1 | _aШ6(2=Р)74-44 | |
| 700 | 1 |
_7ca _8rus _aЛарионова _bК. М. _f1909- _gКлара Максимовна _9249590 _3RU\NLR\AUTH\770249646 |
|
| 801 | 0 |
_aRU _bNLR _gpsbo |
|
| 801 | 1 |
_aRU _bELAR _2rusmarc |
|
| 852 |
_aNLR _j58-3/331 |
||
| 942 | _cBOOK | ||
| 980 | _aNB | ||